[Event "3eme Open International de La Fere"]
[Site "La Fere (FRA)"]
[Date "2004.07.03"]
[Round "1.1"]
[White "Croenne, Olivier"]
[Black "Malakhatko, Vadim"]
[Result "0-1"]
[WhiteElo "2055"]
[BlackElo "2555"]
[PlyCount "46"]
[EventDate "2004.07.03"]

1. e4 e6 2. d4 d5 3. Nc3 Nf6 4. Bg5 Be7 5. e5 Nfd7 6. h4 O-O 7. Nf3 c5 8. dxc5
Nc6 9. Bf4 f6 10. exf6 Nxf6 11. Bd3 Bxc5 12. Qd2 e5 13. Bxe5 Re8 14. Bb5 Nxe5
15. Bxe8 Nxf3+ 16. gxf3 Qxe8+ 17. Kf1 Qf7 18. Re1 Bd7 19. h5 Rf8 20. Re2 d4 21.
Qg5 dxc3 22. Qxc5 cxb2 23. Kg2 Nd5 0-1

[Event "3eme Open International de La Fere"]
[Site "La Fere (FRA)"]
[Date "2004.07.03"]
[Round "1.2"]
[White "Radulski, Julian"]
[Black "Waquet, Frederic"]
[Result "1/2-1/2"]
[WhiteElo "2513"]
[BlackElo "2055"]
[PlyCount "72"]
[EventDate "2004.07.03"]

1. e4 e6 2. Qe2 Be7 3. Nf3 d5 4. d3 Nf6 5. g3 c5 6. Bg2 Nc6 7. O-O O-O 8. e5
Nd7 9. c4 d4 10. Re1 Qc7 11. Bf4 b6 12. h4 Bb7 13. Nbd2 Nb4 14. Nf1 a5 15. a3
Nc6 16. h5 h6 17. N1h2 Rfe8 18. Ng4 Bf8 19. Qd2 Kh7 20. Ngh2 Ne7 21. g4 Ra7 22.
Kh1 Nb8 23. Rg1 Nbc6 24. Rae1 Ng8 25. g5 Nce7 26. Ng4 Nf5 27. Nf6+ gxf6 28.
exf6 Bd6 29. Bxd6 Qxd6 30. Ne5 Bxg2+ 31. Rxg2 hxg5 32. Nf3 g4 33. Ng5+ Kh8 34.
Ne4 Qf8 35. Qf4 Qh6 36. Qe5 Nh4 1/2-1/2

[Event "3eme Open International de La Fere"]
[Site "La Fere (FRA)"]
[Date "2004.07.03"]
[Round "1.4"]
[White "Meijers, Viesturs"]
[Black "Delorme, Laurie"]
[Result "1-0"]
[WhiteElo "2477"]
[BlackElo "2037"]
[PlyCount "67"]
[EventDate "2004.07.03"]

1. e4 c5 2. Nf3 Nc6 3. d4 cxd4 4. Nxd4 g6 5. c4 Nf6 6. Nc3 d6 7. Nc2 Bg7 8. Be2
O-O 9. O-O a6 10. Be3 Be6 11. f3 Nd7 12. Rb1 Bxc3 13. bxc3 Qc8 14. Bf2 f6 15.
Ne3 Kg7 16. Nd5 Bxd5 17. cxd5 Ncb8 18. Bd4 b5 19. f4 Nc5 20. e5 Nbd7 21. exd6
exd6 22. Bg4 Qc7 23. Re1 Rfe8 24. Qf3 Nb6 25. h4 Nc4 26. Qh3 Na3 27. Rbc1 Rxe1+
28. Rxe1 Nc2 29. Rc1 Na3 30. h5 Re8 31. f5 Re4 32. h6+ Kg8 33. fxg6 hxg6 34.
Bxf6 1-0

[Event "3eme Open International de La Fere"]
[Site "La Fere (FRA)"]
[Date "2004.07.03"]
[Round "1.5"]
[White "Labarthe, Arnaud"]
[Black "Van Der Weide, Karel"]
[Result "0-1"]
[WhiteElo "2028"]
[BlackElo "2471"]
[PlyCount "75"]
[EventDate "2004.07.03"]

1. d4 Nf6 2. c4 c5 3. d5 e6 4. Nc3 exd5 5. cxd5 d6 6. Nf3 g6 7. Bf4 a6 8. a4
Bg7 9. e4 Bg4 10. Be2 Bxf3 11. Bxf3 O-O 12. O-O Ne8 13. Qd2 Nd7 14. Bg5 Nef6
15. Be2 Qc7 16. b3 Rae8 17. Qc2 Re5 18. Bd2 Rfe8 19. f3 Nxd5 20. Nxd5 Rxd5 21.
Rae1 Bd4+ 22. Kh1 Rde5 23. Bf4 R5e7 24. Rd1 Qc6 25. Bc4 Nb6 26. Bd3 Na8 27. Bg5
Rd7 28. f4 Nc7 29. f5 d5 30. fxg6 hxg6 31. Rde1 Rd6 32. Qb1 Rde6 33. exd5 Qxd5
34. Bh6 Rxe1 35. Rxe1 Rxe1+ 36. Qxe1 Qxb3 37. Bxg6 Ne6 38. Bh5 0-1

[Event "3eme Open International de La Fere"]
[Site "La Fere (FRA)"]
[Date "2004.07.03"]
[Round "1.7"]
[White "Pytel, Bozena"]
[Black "Karpatchev, Aleksandr"]
[Result "0-1"]
[WhiteElo "2023"]
[BlackElo "2463"]
[PlyCount "88"]
[EventDate "2004.07.03"]

1. Nf3 d5 2. d4 Nc6 3. e3 Bg4 4. Be2 e6 5. Nbd2 Nf6 6. O-O Be7 7. Ne5 Nxe5 8.
dxe5 Bxe2 9. Qxe2 Nd7 10. f4 O-O 11. Nf3 Nc5 12. b3 Ne4 13. Bb2 c6 14. c4 dxc4
15. Qxc4 Nd2 16. Nxd2 Qxd2 17. Qc1 Rfd8 18. Rd1 Qe2 19. Re1 Qd3 20. Rd1 Qe4 21.
Rd4 Rxd4 22. exd4 Bb4 23. Kf2 Rd8 24. Qe3 Qc2+ 25. Qe2 Qf5 26. Kg3 h5 27. h3
h4+ 28. Kf3 Qg6 29. Ke3 Ba5 30. Rc1 f5 31. Rc2 Rd5 32. Qf2 Bd8 33. Rc5 Rd7 34.
Rc4 Qh6 35. Ba3 g5 36. fxg5 Bxg5+ 37. Ke2 Rg7 38. Rc3 Bd2 39. Rc2 Be3 40. Qf1
Bxd4 41. Kd1 Bxe5 42. Re2 Rd7+ 43. Kc2 Bg7 44. Bc5 Qf6 0-1

[Event "3eme Open International de La Fere"]
[Site "La Fere (FRA)"]
[Date "2004.07.03"]
[Round "1.8"]
[White "Gaponenko, Inna"]
[Black "Dumortier, Thierry"]
[Result "1-0"]
[WhiteElo "2448"]
[BlackElo "2019"]
[PlyCount "41"]
[EventDate "2004.07.03"]

1. e4 Nf6 2. e5 Nd5 3. d4 d6 4. Nf3 g6 5. Bc4 c6 6. O-O Bg7 7. c3 dxe5 8. Nxe5
O-O 9. Nd2 Nd7 10. Nd3 e5 11. Bxd5 cxd5 12. dxe5 Nxe5 13. Nxe5 Bxe5 14. Nb3 Bc7
15. Re1 Qh4 16. g3 Qc4 17. Bh6 Rd8 18. Qf3 f5 19. Re7 Bd6 20. Qe3 Qc6 21. Qd4
1-0

[Event "3eme Open International de La Fere"]
[Site "La Fere (FRA)"]
[Date "2004.??.??"]
[Round "1.9"]
[White "Molet, Asher"]
[Black "Sarakauskas, Gediminas"]
[Result "1/2-1/2"]
[WhiteElo "2019"]
[BlackElo "2442"]
[PlyCount "80"]
[EventDate "2004.07.03"]

1. d4 c5 2. e3 Nf6 3. Nf3 e6 4. Nbd2 b6 5. Bd3 Bb7 6. O-O Be7 7. Qe2 O-O 8. c3
Nc6 9. dxc5 bxc5 10. e4 d6 11. Nc4 d5 12. exd5 exd5 13. Nce5 Nxe5 14. Qxe5 Bd6
15. Qg5 d4 16. cxd4 Bxf3 17. gxf3 cxd4 18. Qh4 Be5 19. Bg5 Re8 20. f4 Bd6 21.
Rfe1 Rxe1+ 22. Rxe1 h6 23. Bxf6 Qxf6 24. Qxf6 gxf6 25. Re4 Bc5 26. b4 f5 27.
Re5 Bxb4 28. Rxf5 Rc8 29. Rd5 Bc3 30. Kg2 Rc6 31. f5 a5 32. a4 Kg7 33. Kf3 Kf6
34. h4 Ke7 35. h5 Rc8 36. Rb5 Rg8 37. Rb6 f6 38. Rb7+ Kf8 39. Rb8+ Kg7 40.
Rxg8+ Kxg8 1/2-1/2

[Event "3eme Open International de La Fere"]
[Site "La Fere (FRA)"]
[Date "2004.07.03"]
[Round "1.10"]
[White "Bratanov, Zsivko"]
[Black "Bertrand, Eric"]
[Result "1-0"]
[WhiteElo "2432"]
[BlackElo "2012"]
[PlyCount "85"]
[EventDate "2004.07.03"]

1. d4 Nf6 2. c4 e6 3. Nc3 Bb4 4. e3 b6 5. Nge2 Bb7 6. a3 Be7 7. d5 O-O 8. g3 d6
9. Bg2 Nbd7 10. O-O e5 11. h3 a5 12. Rb1 Ba6 13. b3 Rb8 14. g4 g6 15. f4 b5 16.
cxb5 Bxb5 17. Nxb5 Rxb5 18. a4 Rb7 19. Bd2 Qa8 20. Nc3 exf4 21. exf4 Nc5 22.
Re1 Re8 23. Qc2 Nfd7 24. Nb5 Bh4 25. Re3 Rxe3 26. Bxe3 Qe8 27. Bd4 Bf6 28. Bf2
Bg7 29. Bf3 Qd8 30. g5 Na6 31. Qc6 Nac5 32. Bxc5 Nxc5 33. Re1 Qd7 34. Bg4 Qxc6
35. dxc6 Rb6 36. Bd7 Na6 37. Re8+ Bf8 38. Ra8 d5 39. Kg2 Kg7 40. Rxa6 Rxa6 41.
Nxc7 Ra7 42. Ne8+ Kh8 43. c7 1-0

[Event "3eme Open International de La Fere"]
[Site "La Fere (FRA)"]
[Date "2004.07.03"]
[Round "1.11"]
[White "Barnier, Christophe"]
[Black "Gozzoli, Yannick"]
[Result "0-1"]
[WhiteElo "2008"]
[BlackElo "2429"]
[PlyCount "86"]
[EventDate "2004.07.03"]

1. d4 Nf6 2. Nf3 d5 3. Bf4 c5 4. e3 Qb6 5. Qc1 Nc6 6. c3 Bf5 7. Nbd2 Rc8 8.
dxc5 Qxc5 9. Nb3 Qb6 10. Nbd4 Bg6 11. Bb5 e6 12. Ne5 Be7 13. Nexc6 bxc6 14. Be2
O-O 15. O-O Nh5 16. Bg3 Nxg3 17. hxg3 Bf6 18. Nf3 Rb8 19. b4 c5 20. a3 Rfc8 21.
b5 Qa5 22. Ra2 c4 23. Nd4 Bxd4 24. exd4 Rxb5 25. Bd1 Rb1 26. Qd2 Rcb8 27. g4
Qb6 28. Qe3 Qd6 29. f4 Be4 30. Bf3 Rxf1+ 31. Kxf1 Rb1+ 32. Kf2 f5 33. g5 Bd3
34. Be2 Rb3 35. Qc1 Be4 36. Bd1 Rb1 37. Qd2 h6 38. gxh6 Qe7 39. Kg3 Qf6 40. Rb2
Qg6+ 41. Kh2 Qxh6+ 42. Kg3 g5 43. Rxb1 Qh4# 0-1

[Event "3eme Open International de La Fere"]
[Site "La Fere (FRA)"]
[Date "2004.07.03"]
[Round "1.12"]
[White "Szabo, Gergely-Andras-Gyul"]
[Black "Joie, Sebastien"]
[Result "1-0"]
[WhiteElo "2422"]
[BlackElo "2000"]
[PlyCount "53"]
[EventDate "2004.07.03"]

1. e4 e5 2. Nc3 d6 3. g3 Nc6 4. Bg2 h5 5. h3 h4 6. g4 g6 7. Nge2 Nh6 8. d4 Bg7
9. Be3 f5 10. exf5 gxf5 11. dxe5 dxe5 12. Qxd8+ Nxd8 13. Nd5 Kd7 14. O-O-O c6
15. Nb6+ Kc7 16. Nxa8+ Kb8 17. Rd6 fxg4 18. Rg6 Rh7 19. Rxg7 Rxg7 20. Bxh6 Rg6
21. Be3 Kxa8 22. hxg4 Bxg4 23. Be4 Rg8 24. f3 Be6 25. Rxh4 Kb8 26. Rh6 Bd5 27.
Nc3 1-0

[Event "3eme Open International de La Fere"]
[Site "La Fere (FRA)"]
[Date "2004.07.03"]
[Round "1.14"]
[White "Dobrev, Nanko"]
[Black "Mestdagh, Franck"]
[Result "1-0"]
[WhiteElo "2415"]
[BlackElo "1944"]
[PlyCount "85"]
[EventDate "2004.07.03"]

1. d4 Nf6 2. Nf3 c5 3. c3 e6 4. g3 d5 5. Bg2 Be7 6. O-O O-O 7. Ne5 Nbd7 8. Nxd7
Nxd7 9. e4 dxe4 10. Bxe4 Nf6 11. Bg2 cxd4 12. cxd4 Qb6 13. Qb3 Qxb3 14. axb3
Rd8 15. Nd2 Nd5 16. Nc4 Bd7 17. Re1 Bb4 18. Re5 Be8 19. h4 a6 20. h5 h6 21. f4
Bc6 22. f5 exf5 23. Rxf5 Ne7 24. Rf4 Bxg2 25. Kxg2 Nd5 26. Rf5 Ne7 27. Rf4 Nd5
28. Rf3 Re8 29. Ne5 Re7 30. Nd3 Rae8 31. Rf5 Rd8 32. Kf3 a5 33. g4 b6 34. Ne5
Rd6 35. Bf4 Nxf4 36. Rxf4 f6 37. Ng6 Re8 38. Re4 Rde6 39. Rxe6 Rxe6 40. Rc1 Re1
41. Rc6 Bd2 42. Rc8+ Kf7 43. Rc7+ 1-0

[Event "3eme Open International de La Fere"]
[Site "La Fere (FRA)"]
[Date "2004.07.03"]
[Round "1.15"]
[White "Boudier, Eric"]
[Black "Benitah, Yohan"]
[Result "0-1"]
[WhiteElo "1941"]
[BlackElo "2408"]
[PlyCount "72"]
[EventDate "2004.07.03"]

1. e4 e6 2. Nc3 d5 3. Nf3 Nf6 4. e5 Nfd7 5. d4 c5 6. dxc5 Nxc5 7. Nd4 a6 8. Bd3
Nc6 9. Nxc6 bxc6 10. O-O Rb8 11. b3 Nxd3 12. Qxd3 Qc7 13. Qg3 h5 14. Nd1 h4 15.
Qf3 h3 16. g3 c5 17. Bb2 d4 18. c3 Qxe5 19. cxd4 cxd4 20. Ne3 Bb7 21. Qg4 Rd8
22. Rfe1 Qd6 23. Nf5 Qd5 24. f3 Qxf3 25. Qxf3 Bxf3 26. Nxd4 Bc5 27. Kf2 Bg4 28.
Re4 f5 29. Rxe6+ Kf7 30. Rae1 Bxd4+ 31. Bxd4 Rxd4 32. Rxa6 Rd2+ 33. Ke3 Rxh2
34. Ra7+ Kg6 35. Kf4 Rf2+ 36. Ke3 Re2+ 0-1

[Event "3eme Open International de La Fere"]
[Site "La Fere (FRA)"]
[Date "2004.07.03"]
[Round "1.16"]
[White "Gharamian, Tigran"]
[Black "Varoquier, Romain"]
[Result "1-0"]
[WhiteElo "2398"]
[BlackElo "1940"]
[PlyCount "119"]
[EventDate "2004.07.03"]

1. e4 e5 2. Nf3 Nc6 3. Bb5 a6 4. Bxc6 dxc6 5. O-O Bd6 6. d4 Bg4 7. dxe5 Bxf3 8.
Qxf3 Bxe5 9. Nd2 Ne7 10. Qb3 b5 11. Nf3 Ng6 12. Nxe5 Nxe5 13. Qc3 Qf6 14. f4
Nd7 15. e5 Qe6 16. f5 Qc4 17. Qxc4 bxc4 18. Bf4 O-O-O 19. Rfe1 Nb6 20. e6 Nd5
21. Bg5 f6 22. Be3 g6 23. fxg6 hxg6 24. Bc5 Rh5 25. Re4 Re8 26. Rae1 c3 27.
bxc3 Nxc3 28. Rc4 Nd5 29. Bf2 Kb7 30. Bg3 Nb6 31. Rf4 Nd5 32. Rg4 g5 33. Rc4
Rh6 34. Rc5 f5 35. c4 f4 36. cxd5 fxg3 37. Rb1+ Ka7 38. hxg3 cxd5 39. Rxc7+ Ka8
40. e7 Re6 41. Rd1 Rd6 42. Rd4 Kb8 43. Rc5 Rxe7 44. Rcxd5 Rxd5 45. Rxd5 g4 46.
Rd4 Rg7 47. Kf2 Kb7 48. Ke3 Kc6 49. Kf4 a5 50. Kf5 Kc5 51. Rxg4 Rf7+ 52. Ke4
Rf2 53. a4 Rxg2 54. Kf3 Rg1 55. Rf4 Kc6 56. Kg4 Rg2 57. Kh4 Rh2+ 58. Kg5 Rg2
59. g4 Kd6 60. Rf5 1-0

[Event "3eme Open International de La Fere"]
[Site "La Fere (FRA)"]
[Date "2004.07.03"]
[Round "1.18"]
[White "Sebe-Vodislav, Razvan-Alexandru"]
[Black "Constantin, Francois"]
[Result "1-0"]
[WhiteElo "2346"]
[BlackElo "1924"]
[PlyCount "55"]
[EventDate "2004.07.03"]

1. c4 f5 2. Nc3 Nf6 3. g3 c6 4. Bg2 e5 5. d4 d6 6. e4 Be7 7. d5 fxe4 8. Nxe4
Bf5 9. Nxf6+ Bxf6 10. Ne2 O-O 11. O-O c5 12. Nc3 Na6 13. Ne4 Be7 14. f4 exf4
15. Bxf4 Qb6 16. Qe2 Rae8 17. Rae1 Nc7 18. b3 Qa6 19. Kh1 Qb6 20. Qd2 Bg6 21.
Bh3 Bxe4+ 22. Rxe4 Bf6 23. Rxe8 Rxe8 24. Bg5 Be5 25. Qf2 h6 26. Qf7+ Kh8 27.
Bf5 hxg5 28. Qh5+ 1-0

[Event "3eme Open International de La Fere"]
[Site "La Fere (FRA)"]
[Date "2004.??.??"]
[Round "1.19"]
[White "De Lange, Hans"]
[Black "Ciuksyte, Dagne"]
[Result "1/2-1/2"]
[WhiteElo "1900"]
[BlackElo "2338"]
[PlyCount "97"]
[EventDate "2004.07.03"]

1. e4 c5 2. Nc3 e6 3. Nge2 a6 4. a4 Nc6 5. g3 d5 6. exd5 exd5 7. Bg2 Nf6 8. d4
Bg4 9. h3 Bh5 10. g4 Bg6 11. Be3 Nb4 12. Rc1 Rc8 13. f4 Be4 14. Nxe4 dxe4 15.
Bf2 h6 16. O-O Be7 17. Ng3 Nbd5 18. g5 Nd7 19. g6 fxg6 20. Qg4 O-O 21. Qe6+ Kh7
22. Qxd5 Rxf4 23. Nxe4 Rf5 24. Qxb7 Rb8 25. Qxa6 Rxb2 26. dxc5 Ne5 27. Qe2 Rb4
28. Ng3 Rg5 29. Rcd1 Qc7 30. Ne4 Rf5 31. Rd4 Rb8 32. Nd6 Rg5 33. Bh4 Qxc5 34.
Qf2 Nf3+ 35. Kh1 Nxh4 36. Ne4 Rf5 37. Nxc5 Rxf2 38. Rxf2 Bxc5 39. Rxh4 Bxf2 40.
Rc4 h5 41. Be4 Rb6 42. Kg2 Rf6 43. a5 Be1 44. c3 Rf2+ 45. Kg1 Ra2 46. Rc6 Rxa5
47. Rxg6 Kg8 48. Rc6 Ra3 49. Bg6 1/2-1/2

[Event "3eme Open International de La Fere"]
[Site "La Fere (FRA)"]
[Date "2004.07.03"]
[Round "1.20"]
[White "Afek, Yochanan"]
[Black "Gaignierre, Gilles"]
[Result "1-0"]
[WhiteElo "2325"]
[BlackElo "1900"]
[PlyCount "55"]
[EventDate "2004.07.03"]

1. e4 e6 2. d4 d5 3. e5 c5 4. c3 Nc6 5. Nf3 Nge7 6. Na3 Nf5 7. Nc2 Bd7 8. Bd3
cxd4 9. Bxf5 exf5 10. Ncxd4 Nxd4 11. Nxd4 Bc5 12. O-O Bxd4 13. Qxd4 Be6 14. Re1
a6 15. Re3 Rc8 16. b3 Qc7 17. Rg3 g6 18. Ba3 h5 19. h4 b5 20. Bd6 Qd7 21. a4
bxa4 22. Rxa4 Rc4 23. Qb6 Rxa4 24. bxa4 Qc8 25. Qa7 Bd7 26. Rd3 Qc6 27. Rxd5
Qxc3 28. Rc5 1-0

[Event "3eme Open International de La Fere"]
[Site "La Fere (FRA)"]
[Date "2004.??.??"]
[Round "1.21"]
[White "Hutin, Evgueny"]
[Black "Zozulia, Anna"]
[Result "0-1"]
[WhiteElo "1900"]
[BlackElo "2324"]
[PlyCount "52"]
[EventDate "2004.07.03"]

1. d4 Nf6 2. Nf3 g6 3. Nbd2 Bg7 4. e4 d6 5. Bd3 O-O 6. O-O c6 7. Nc4 Na6 8. Re1
b5 9. e5 Nd5 10. Ne3 Nf4 11. Bf1 Nc7 12. c4 bxc4 13. Nxc4 Ncd5 14. Re4 Ne6 15.
Rh4 Qc7 16. Bh6 f6 17. Bxg7 Nxg7 18. Bd3 Bf5 19. Bxf5 Nxf5 20. Re4 Rab8 21. Rc1
Rfd8 22. Qe1 Nb4 23. exd6 exd6 24. Na5 Qb6 25. Qd2 Qxa5 26. a3 Qd5 0-1

[Event "3eme Open International de La Fere"]
[Site "La Fere (FRA)"]
[Date "2004.??.??"]
[Round "1.22"]
[White "Quillan, Gary"]
[Black "Petitpas, Steven"]
[Result "1-0"]
[WhiteElo "2323"]
[BlackElo "1900"]
[PlyCount "83"]
[EventDate "2004.07.03"]

1. e4 e5 2. Nf3 Nc6 3. Bb5 d6 4. d4 Bd7 5. O-O Be7 6. c3 a6 7. Ba4 Nf6 8. Re1
O-O 9. Nbd2 b5 10. Bb3 Bg4 11. h3 Bh5 12. d5 Nb8 13. a4 Nbd7 14. Bc2 Qb8 15. b4
a5 16. axb5 axb4 17. Rxa8 Qxa8 18. cxb4 Nb6 19. Nb3 Qa4 20. Nbd4 Qa1 21. Nf5
Bd8 22. Nxg7 Qc3 23. Nxh5 Nxh5 24. Bd2 Qb2 25. Nh2 Nf6 26. Bh6 Re8 27. Ng4 Kh8
28. Nxf6 Bxf6 29. Qh5 Re7 30. Bf8 Nd7 31. Bxe7 Bxe7 32. Qxf7 Qxc2 33. Qxe7 Qd2
34. Qe8+ Kg7 35. Qxd7+ Kg8 36. Re3 Qd1+ 37. Kh2 Kh8 38. Qe8+ Kg7 39. Rg3+ Kh6
40. Qf8+ Kh5 41. Qf5+ Kh6 42. Qg5# 1-0

[Event "3eme Open International de La Fere"]
[Site "La Fere (FRA)"]
[Date "2004.??.??"]
[Round "1.23"]
[White "Savouret, Frederic"]
[Black "Sebe-Vodislav, Florian-George"]
[Result "0-1"]
[WhiteElo "1900"]
[BlackElo "2298"]
[PlyCount "94"]
[EventDate "2004.07.03"]

1. e4 c5 2. Nc3 Nc6 3. g3 g6 4. Bg2 Bg7 5. d3 e6 6. f4 Nge7 7. Nf3 Nd4 8. O-O
O-O 9. e5 Nxf3+ 10. Qxf3 d5 11. exd6 Qxd6 12. Ne4 Qc7 13. c3 Rb8 14. Be3 b6 15.
Rad1 f5 16. Nd2 Bb7 17. Qf2 Nd5 18. Nf3 Rfe8 19. d4 c4 20. Rfe1 Nf6 21. Nd2
Bxg2 22. Qxg2 b5 23. a3 a5 24. Rc1 Nd5 25. Bf2 Bf6 26. Qf3 h6 27. h4 g5 28.
hxg5 hxg5 29. Be3 g4 30. Qf2 Kf7 31. Kf1 Rh8 32. Ke2 Rh3 33. Rh1 Rbh8 34. Qg2
Qb7 35. Kf2 Kg6 36. Rxh3 Rxh3 37. Rh1 Rxh1 38. Qxh1 b4 39. axb4 axb4 40. cxb4
Qxb4 41. Qc1 c3 42. bxc3 Nxc3 43. Qc2 Bxd4 44. Qb3 Qxb3 45. Nxb3 Nd1+ 46. Ke2
Bxe3 47. Kxd1 Bf2 0-1

[Event "3eme Open International de La Fere"]
[Site "La Fere (FRA)"]
[Date "2004.??.??"]
[Round "1.24"]
[White "Bogza, Adina-Maria"]
[Black "Lemaire, Matthieu"]
[Result "1-0"]
[WhiteElo "2291"]
[BlackElo "1890"]
[PlyCount "49"]
[EventDate "2004.07.03"]

1. Nf3 d5 2. g3 c5 3. Bg2 Nc6 4. O-O Nf6 5. c4 d4 6. e3 e6 7. exd4 cxd4 8. d3
Bd6 9. Re1 O-O 10. Na3 e5 11. Nc2 a5 12. Rb1 Nd7 13. b3 f5 14. a3 Nf6 15. b4
Re8 16. c5 Bf8 17. b5 Nb8 18. c6 bxc6 19. Nxe5 Qb6 20. Bb2 Bb7 21. Nxd4 h6 22.
Qb3+ Kh7 23. Qf7 Qc5 24. Qg6+ Kg8 25. Nxf5 1-0

[Event "3eme Open International de La Fere"]
[Site "La Fere (FRA)"]
[Date "2004.??.??"]
[Round "1.25"]
[White "Li, David"]
[Black "Visser, Henk-Jan"]
[Result "0-1"]
[WhiteElo "1890"]
[BlackElo "2243"]
[PlyCount "64"]
[EventDate "2004.07.03"]

1. e4 c5 2. Nf3 d6 3. c3 Nf6 4. Be2 Nbd7 5. d3 b6 6. Bf4 Bb7 7. Nbd2 g6 8. O-O
Bg7 9. h3 O-O 10. Re1 Re8 11. Nh2 Qc7 12. Rc1 Nf8 13. Bf3 e5 14. Bg3 Ne6 15.
Ng4 Nh5 16. Bh2 Nhf4 17. Nb3 b5 18. Bxf4 Nxf4 19. Na1 c4 20. dxc4 bxc4 21. Rc2
Nd3 22. Rf1 d5 23. exd5 e4 24. Be2 f5 25. Ne3 f4 26. d6 Qf7 27. Ng4 h5 28. Nh2
f3 29. gxf3 Qf4 30. fxe4 Be5 31. Nf3 Qxe4 32. h4 Qg4+ 0-1

[Event "3eme Open International de La Fere"]
[Site "La Fere (FRA)"]
[Date "2004.??.??"]
[Round "1.26"]
[White "Laurent, Julien G"]
[Black "Colnot, Cyril"]
[Result "1-0"]
[WhiteElo "2212"]
[BlackElo "1880"]
[PlyCount "111"]
[EventDate "2004.07.03"]

1. e4 g6 2. d4 Bg7 3. Bc4 e6 4. Nc3 c6 5. e5 d5 6. exd6 Qxd6 7. Nf3 Ne7 8. O-O
Nd7 9. Ne4 Qc7 10. Bg5 Nd5 11. Qd2 O-O 12. Bh6 b5 13. Bb3 a5 14. c4 N5f6 15.
Nxf6+ Nxf6 16. Bxg7 Kxg7 17. c5 Rd8 18. Rfe1 h6 19. a3 Bb7 20. Ne5 Qe7 21. Rad1
Nd7 22. Qe3 Nf6 23. Qf4 Nh5 24. Qxf7+ Qxf7 25. Nxf7 Kxf7 26. Rxe6 a4 27. Ba2
Nf6 28. Rde1 g5 29. Re7+ Kg6 30. Bf7+ Kg7 31. Rxb7 Rab8 32. Rxb8 Rxb8 33. Re7
Kf8 34. Rc7 b4 35. f3 bxa3 36. bxa3 Rb1+ 37. Kf2 Rb2+ 38. Ke3 Rxg2 39. Be6 Nd5+
40. Bxd5 cxd5 41. Rd7 Ke8 42. Rxd5 Rxh2 43. Rd6 Ra2 44. Rxh6 Rxa3+ 45. Ke4 Rc3
46. Rg6 a3 47. Rxg5 a2 48. Rg8+ Kd7 49. Ra8 Rc2 50. Kd5 Rf2 51. Ra7+ Kc8 52.
Kc6 Kb8 53. Ra4 Rxf3 54. d5 a1=Q 55. Rxa1 Rb3 56. d6 1-0

[Event "3eme Open International de La Fere"]
[Site "La Fere (FRA)"]
[Date "2004.??.??"]
[Round "1.27"]
[White "Delescluse, Philippe"]
[Black "Vernay, Clovis"]
[Result "0-1"]
[WhiteElo "1880"]
[BlackElo "2206"]
[PlyCount "74"]
[EventDate "2004.07.03"]

1. e4 e6 2. d4 d5 3. exd5 exd5 4. Bf4 Bd6 5. Qd2 Nf6 6. Nc3 O-O 7. O-O-O Bf5 8.
f3 Nc6 9. g4 Bg6 10. a3 Qe7 11. Bxd6 Qxd6 12. h4 h5 13. g5 Nh7 14. Nge2 Ne7 15.
Nf4 c6 16. Bd3 Rfe8 17. Bxg6 fxg6 18. Nd3 Nf5 19. Qf4 Qxf4+ 20. Nxf4 Nf8 21.
Rd3 Re7 22. Nd1 Rae8 23. Kd2 Kf7 24. b3 Ne6 25. Nxe6 Rxe6 26. Rh2 Ng3 27. Rf2
Re2+ 28. Kc1 Nf5 29. c4 Nxh4 30. Rxe2 Rxe2 31. cxd5 cxd5 32. Nc3 Rf2 33. Nxd5
Rxf3 34. Ne3 Nf5 35. Kd2 Rxe3 36. Rxe3 Nxe3 37. Kxe3 Ke6 0-1

[Event "3eme Open International de La Fere"]
[Site "La Fere (FRA)"]
[Date "2004.??.??"]
[Round "1.28"]
[White "Leuw, Micha"]
[Black "Lesot, Jeremy"]
[Result "1-0"]
[WhiteElo "2193"]
[BlackElo "1870"]
[PlyCount "91"]
[EventDate "2004.07.03"]

1. e4 c5 2. Nf3 d6 3. d4 cxd4 4. Nxd4 Nf6 5. Nc3 a6 6. f3 e5 7. Nb3 Be6 8. Be3
Be7 9. Qd2 Nbd7 10. O-O-O O-O 11. g4 Qc7 12. g5 Nh5 13. Rg1 b5 14. Kb1 Rfc8 15.
Qf2 b4 16. Nd5 Bxd5 17. exd5 a5 18. Bh3 g6 19. Bg4 Ng7 20. h4 a4 21. Nc1 Rcb8
22. Rgf1 f5 23. gxf6 Nxf6 24. Qg2 Nfh5 25. Nd3 Bf6 26. Bg5 Bxg5 27. hxg5 a3 28.
b3 Qc3 29. Qd2 Qd4 30. Qf2 Qc3 31. Qd2 Qd4 32. Qf2 Qc3 33. Qe1 Qd4 34. Qe4 Qc3
35. Qc4 Qxc4 36. bxc4 Ng3 37. Rfe1 N7f5 38. c5 dxc5 39. Nxc5 Nd6 40. Rxe5 Nb5
41. Rde1 Nc3+ 42. Ka1 Rd8 43. Ne4 Rxd5 44. Nf6+ Kh8 45. Rh1 Nh5 46. Rxd5 1-0

[Event "3eme Open International de La Fere"]
[Site "La Fere (FRA)"]
[Date "2004.??.??"]
[Round "1.29"]
[White "Benmenni, Boubekeur"]
[Black "Sarakauskiene, Zivile"]
[Result "0-1"]
[WhiteElo "1830"]
[BlackElo "2181"]
[PlyCount "74"]
[EventDate "2004.07.03"]

1. e4 c5 2. Nf3 e6 3. d4 cxd4 4. Nxd4 a6 5. Bd3 Qc7 6. Nc3 Nf6 7. O-O Be7 8.
Kh1 O-O 9. f4 d6 10. f5 Re8 11. fxe6 fxe6 12. Bg5 Qc5 13. Bxf6 Bxf6 14. Nb3 Qe5
15. a4 b6 16. Nd2 Qc5 17. Nb3 Qg5 18. Nd2 Nd7 19. Nc4 Be5 20. Qf3 Qe7 21. Qe3
Rb8 22. Qe2 Bf6 23. Rf3 Bb7 24. Rh3 g6 25. Ne3 Nc5 26. Ng4 Bg7 27. Rf3 Rf8 28.
Raf1 Rxf3 29. Rxf3 Rf8 30. Rxf8+ Qxf8 31. e5 Nxd3 32. cxd3 dxe5 33. Nxe5 Bxe5
34. Kg1 Qf4 35. Ne4 Qxh2+ 36. Kf1 Qf4+ 37. Kg1 Bxe4 0-1

[Event "3eme Open International de La Fere"]
[Site "La Fere (FRA)"]
[Date "2004.??.??"]
[Round "1.30"]
[White "Molenaar, Joseph"]
[Black "Cappon, Aldo"]
[Result "1-0"]
[WhiteElo "2171"]
[BlackElo "1830"]
[PlyCount "63"]
[EventDate "2004.07.03"]

1. d4 d5 2. c4 c6 3. e3 Nf6 4. Nc3 Qc7 5. Qb3 e6 6. Bd2 Nbd7 7. Rc1 dxc4 8.
Bxc4 Nb6 9. Bd3 Bd6 10. Nf3 Qe7 11. O-O e5 12. dxe5 Bxe5 13. Nxe5 Qxe5 14. Ne2
O-O 15. Bc3 Qg5 16. e4 Be6 17. Qc2 Ng4 18. h3 Nh6 19. f4 Qe7 20. f5 Bc4 21.
Bxg7 Bxd3 22. Qxd3 f6 23. Bxh6 Rf7 24. Nf4 Rd8 25. Qg3+ Kh8 26. Ne6 Rg8 27. Qb3
Nc8 28. Rfd1 Nd6 29. Qd3 Nb5 30. Nd8 Rfg7 31. Bxg7+ Qxg7 32. Rc2 1-0

[Event "3eme Open International de La Fere"]
[Site "La Fere (FRA)"]
[Date "2004.??.??"]
[Round "1.32"]
[White "Rigolot, Matthieu"]
[Black "Quiniou, Jean"]
[Result "1-0"]
[WhiteElo "2157"]
[BlackElo "1830"]
[PlyCount "45"]
[EventDate "2004.07.03"]

1. d4 d5 2. c4 e6 3. Nf3 Nf6 4. cxd5 exd5 5. Bg5 Be7 6. Nc3 c6 7. e3 O-O 8. Bd3
Nbd7 9. Qc2 Re8 10. O-O Nf8 11. Rab1 Ng6 12. b4 a6 13. a4 Ne4 14. Bxe7 Qxe7 15.
Bxe4 dxe4 16. Nd2 f5 17. b5 Be6 18. bxc6 bxc6 19. Rb6 Qc7 20. Rfb1 Reb8 21. a5
Ne7 22. Na4 Bc8 23. Qb3+ 1-0

[Event "3eme Open International de La Fere"]
[Site "La Fere (FRA)"]
[Date "2004.??.??"]
[Round "1.34"]
[White "Gosset, Arnaud"]
[Black "Delaforest, Laurent"]
[Result "1-0"]
[WhiteElo "2146"]
[BlackElo "1820"]
[PlyCount "95"]
[EventDate "2004.07.03"]

1. Nf3 d5 2. d4 Nf6 3. c4 c6 4. Nc3 dxc4 5. a4 Bf5 6. Ne5 e6 7. f3 Bb4 8. e4
Bxe4 9. fxe4 Nxe4 10. Bd2 Qxd4 11. Nxe4 Qxe4+ 12. Qe2 Bxd2+ 13. Kxd2 Qxe2+ 14.
Bxe2 b5 15. axb5 cxb5 16. Bf3 Nd7 17. Nxd7 Kxd7 18. Bxa8 Rxa8 19. Ra5 Kc6 20.
Rha1 Kb6 21. Ra6+ Kb7 22. Kc3 e5 23. Kb4 e4 24. Kxb5 e3 25. R6a3 c3 26. Rxc3
Re8 27. Re1 a6+ 28. Kc4 Re4+ 29. Kd3 Rb4 30. b3 Rh4 31. h3 Rh6 32. Rxe3 Rd6+
33. Ke2 Rd7 34. Re4 f5 35. Rb4+ Ka7 36. Kf3 g5 37. h4 h6 38. h5 Rd6 39. Rc7+
Ka8 40. Rh7 Rd3+ 41. Ke2 Rd6 42. Ke3 Re6+ 43. Kd3 f4 44. Re4 Rd6+ 45. Rd4 Rb6
46. Rd8+ Rb8 47. Rxb8+ Kxb8 48. Rxh6 1-0